000 00552nam a2200181Ia 4500
008 191130s2002##################000#0#eng##
020 _a9780748614813
040 _aACL
_cACL
082 _a427.02 HOR
100 _aHorobin, Simon
245 _aAn introduction to middle English
_cSimon Horobin; J J Smith
260 _aEdinburgh
_bEdinburgh University Press
_c2002
300 _aviii, 182 p. ; 23 cm
650 _aEnglish language - Middle English, 1100-1500
990 _ac638874cac10000c1e8bc623af298f46
991 _a423284
999 _c244731
_d244731